El impuesto a las ganancias (Registro nro. 299)
[ vista simple ]
| 000 -LEADER | |
|---|---|
| fixed length control field | 01587 a2200253 4500 |
| 001 - CONTROL NUMBER | |
| control field | 3218 |
| 005 - DATE AND TIME OF LATEST TRANSACTION | |
| control field | 20260407155425.0 |
| 008 - FIXED-LENGTH DATA ELEMENTS--GENERAL INFORMATION | |
| fixed length control field | 260407a2000 arg spa d |
| 003 - CONTROL NUMBER IDENTIFIER | |
| control field | AR-UNSa-BCEJYS |
| 040 ## - CATALOGING SOURCE | |
| Original cataloging agency | AR-UNSa-BCEJYS |
| Language of cataloging | spa |
| Transcribing agency | AR-UNSa-BCEJYS |
| 080 ## - UNIVERSAL DECIMAL CLASSIFICATION NUMBER | |
| Universal Decimal Classification number | 336.226.1 |
| Common auxiliary subdivision | Impuestos a las ganancias o los beneficios (Impuesto Diferido) |
| 020 ## - INTERNATIONAL STANDARD BOOK NUMBER | |
| International Standard Book Number | 950-14-1786-7 |
| 041 ## - LANGUAGE CODE | |
| Language code of text/sound track or separate title | spa |
| 100 1# - MAIN ENTRY--PERSONAL NAME | |
| Personal name | Atchabahian, Adolfo |
| 245 10 - TITLE STATEMENT | |
| Title | El impuesto a las ganancias |
| 250 ## - EDITION STATEMENT | |
| Edition statement | 3a. ed. |
| 264 #1 - PRODUCTION, PUBLICATION, DISTRIBUTION, MANUFACTURE, AND COPYRIGHT NOTICE | |
| Place of production, publication, distribution, manufacture | Buenos Aires : |
| Name of producer, publisher, distributor, manufacturer | Depalma |
| Date of production, publication, distribution, manufacture, or copyright notice | 2000 |
| 300 ## - PHYSICAL DESCRIPTION | |
| Extent | 878 p. |
| Dimensions | 23 cm. |
| 505 ## - FORMATTED CONTENTS NOTE | |
| Formatted contents note | 1. Introducción - 2. Objeto del impuesto - 3. Ganancias de la tercera categoría - 4. Ganancias de las categorías primera, segunda y cuarta - 5. Ganancias gravadas de residentes en el país - 6. Doble imposición internacional: métodos para evitarla o aliviarla - 7. Exenciones - 8. Deducciones personales y por donaciones - 9. Sujetos del impuesto - 10. Año fiscal - 11. Imputación de resultados al año fiscal - 12. Determinación de la ganancia bruta en las categorías primera, segunda y cuarta - 13. Determinación de la ganancia bruta en la tercera categoría - 14. Ganancia neta y ganancia neta imponible - 15. Ajuste por inflación - 16. Reorganización de empresas - 17. Los incentivos tributarios y el impuesto a las ganancias - 18. Liquidación e ingreso del impuesto |
| 590 ## - LOCAL NOTE (RLIN) | |
| Local note | niveau_biblio:m niveau_hierar:0 |
| 700 1# - ADDED ENTRY--PERSONAL NAME | |
| Personal name | Raimondi, Carlos A. |
| 856 41 - ELECTRONIC LOCATION AND ACCESS | |
| Uniform Resource Identifier | <a href="https://biblioeco.unsa.edu.ar/pmb/images/libros/El Impuesto a las Gancias-l86061.jpg">https://biblioeco.unsa.edu.ar/pmb/images/libros/El Impuesto a las Gancias-l86061.jpg</a> |
| Link text | Imagen de portada |
| Electronic format type | image/jpeg |
| 942 ## - ADDED ENTRY ELEMENTS (KOHA) | |
| Koha item type | |
| Withdrawn status | Lost status | Damaged status | Not for loan | Home library | Current library | Shelving location | Date acquired | Total checkouts | Full call number | Barcode | Date last seen | Price effective from | Koha item type |
|---|---|---|---|---|---|---|---|---|---|---|---|---|---|
| Biblioteca Prof. Eusebio Cleto del Rey | Biblioteca Prof. Eusebio Cleto del Rey | 07/04/2026 | 336.226.1 R153 3ed. | L86060 | 07/04/2026 | 07/04/2026 | Libro | ||||||
| Biblioteca Prof. Eusebio Cleto del Rey | Biblioteca Prof. Eusebio Cleto del Rey | 07/04/2026 | 336.226.1 R153 3ed. | L86061 | 07/04/2026 | 07/04/2026 | Libro | ||||||
| Biblioteca Prof. Eusebio Cleto del Rey | Biblioteca Prof. Eusebio Cleto del Rey | 07/04/2026 | 336.226.1 R153 3ed. | L86062 | 07/04/2026 | 07/04/2026 | Libro | ||||||
| Biblioteca Prof. Eusebio Cleto del Rey | Biblioteca Prof. Eusebio Cleto del Rey | 07/04/2026 | 336.226.1 R153 3ed. | L86063 | 07/04/2026 | 07/04/2026 | Libro | ||||||
| Biblioteca Prof. Eusebio Cleto del Rey | Biblioteca Prof. Eusebio Cleto del Rey | 07/04/2026 | 336.226.1 R153 3ed. | L86064 | 07/04/2026 | 07/04/2026 | Libro |